| 000 | 01200pam a2200301 i 4500 | ||
|---|---|---|---|
| 999 |
_c20097 _d20097 |
||
| 001 | 2249574 | ||
| 003 | OSt | ||
| 005 | 20200616130755.0 | ||
| 008 | 770630s1978 enka b 001 0 eng | ||
| 010 | _a 77077731 | ||
| 020 |
_a0521216842 : _c$12.50 |
||
| 040 |
_aDLC _coclc _dDLC |
||
| 043 | _aa-ii--- | ||
| 050 | 0 | 0 |
_aHD875 _b.S76 |
| 082 | 0 | 0 |
_a301.44430954 _bSTO/P |
| 100 |
_aStokes, Eric _92984 |
||
| 245 | 1 | 4 |
_aThe peasant and the Raj : _bstudies in agrarian society and peasant rebellion in colonial India / _cEric Stokes |
| 260 |
_aCambridge ; _aNew York : _bCambridge University Press, _c1978. |
||
| 300 |
_aviii, 308 p. : _bill. ; _c23 cm. |
||
| 440 | 0 |
_aCambridge South Asian studies ; _v23 |
|
| 504 | _aIncludes bibliographical references and index. | ||
| 650 | 0 |
_aPeasants _zIndia _xHistory. |
|
| 650 | 0 |
_aPeasant uprisings _zIndia _xHistory. |
|
| 856 | 4 | 2 |
_3Publisher description _uhttp://www.loc.gov/catdir/description/cam022/77077731.html |
| 856 | 4 | 1 |
_3Table of contents only _uhttp://www.loc.gov/catdir/enhancements/fy0803/77077731-t.html |
| 906 |
_a7 _bcbc _corignew _d1 _eopcn _f19 _gy-gencatlg |
||
| 942 |
_2ddc _cBK _h301.44430954 _iSTO/P _k301.44430954 _mSTO/P |
||